| 000 | 00978nam a22002297a 4500 | ||
|---|---|---|---|
| 003 | OSt | ||
| 005 | 20260323080852.0 | ||
| 008 | 260323b |||||||| |||| 00| 0 eng d | ||
| 020 | _a9781338052909 | ||
| 040 |
_aDWCL GS lib _cOC |
||
| 082 | _aF S287 2016 | ||
| 100 | _aStilton, Geronimo | ||
| 245 |
_aHeromice : _bTime Machine Trouble / _cGeronimo Stilton |
||
| 260 |
_aNew York _b Scholastic Inc. _cc2016. |
||
| 300 |
_avii, 116 pagess: _billustrations _c20cm. |
||
| 520 | _aIn Geronimo Stilton Heromice #7: Time Machine Trouble, Professor Mousemover arrives in Muskrat City with a time machine, but trouble arises when Butch Sludge, Tony Sludge’s ancestor, arrives from the past seeking mischief. The Heromice must travel through different eras to stop the Sewer Rats and fix the timeline to save the future. | ||
| 546 | _aEnglish | ||
| 650 | _a Children's Fiction | ||
| 650 | _aAction-Adventure, Science Fiction | ||
| 650 | _aFantasy | ||
| 942 |
_2ddc _cFIC. _hFic. _n0 |
||
| 999 |
_c9269 _d9269 |
||